| 000 | 00627nam a2200181Ia 4500 | ||
|---|---|---|---|
| 003 | GCL | ||
| 008 | 140319s9999 xx 000 0 ara d | ||
| 040 |
_aGCL / _cGCL |
||
| 082 | 0 | 4 |
_aد _b050 _bد هـ |
| 245 | 1 | 0 | _aالهلال فبراير 2003 : الصحراء موطن الاساطير |
| 260 |
_aالقاهرة : _bدار الهلال للطباعة والنشر ، _c2003 |
||
| 650 | 0 | 4 | _aالنزاع العربى الاسرائيلى |
| 650 | 0 | 4 | _aحقوق الانسان |
| 650 | 0 | 4 | _aالثقافة العربية |
| 650 | 0 | 4 | _aالعمارة - مصر |
| 650 | 0 | 4 | _aالعولمة - الارهاب |
| 942 |
_2ddc _cCR |
||
| 999 |
_c6659 _d6659 |
||